000
00339nam a2200133Ia 4500
008
231017s9999 xx 000 0 und d
082
_a
388.11
082
_b
FAI
245
0
_a
Examples of best practices for communicating the economic benefits of transportation
245
0
_c
NCHRP
260
_b
NCHRP
300
_c
30cm
942
_c
REP
999
_c
605403
_d
605403